00436nam a2200169Ia 4500003000400000005001700004008004100021020001400062040000700076041000800083082001500091100001700106245007000123260004300193300001700236365001300253OSt20230505091657.0210423s2004 xx 000 0 und d a817594160 cAL aeng a660.6 DAVA aDAVIS (A R). aBiotechnology: fundamentals applications and recent developments. aJaipurbMangal Deep Publicationsc2004 aviii,418bPB b880cINR